000 00678nam a22002297a 4500
003 OSt
005 20170313181934.0
008 150605b xxu||||| |||| 00| 0 eng d
020 _a978-607-15-0975-8
040 _aBR-MU
_cBCRI
082 _a658.1
082 _a658.04
100 1 _97872
_aFranklin Fincowsky, Enrique Benjamín
245 1 0 _aOrganización de empresas
_cEnrique Benjamín Franklin Fincowsky
250 _a4ª ed
260 _aMéxico, D.F. [etc.]
_bMcGraw-Hill
_ccop. 2014
300 _aXXI, 501 p.
_bil.
_c27 cm
500 _aÍndice p. [391]-399
650 2 4 _98517
_aOrganización de la empresa
650 2 4 _93341
_aGestión de empresas
942 _2ddc
_cBK
999 _c21304
_d21304